00735cam a22002052 4500001001100000005001700011008004100028020001700069040001500086100003500101245010500136250001300241260005300254300001600307650007600323650003500399650005900434650003300493852000300526000002113320151217152226.0120116s xx 000 0 eng d a0313345586 : aKABUcKABU1 aAlexander, Philip.@000018183410aInformation security :ba manager's guide to thwarting data thieves and hackers /cPhilip Alexander. a1st ed. aLondon :bPraeger Security International,c2008. aix, 175 p. 0aBusiness enterprisesxComputer networksxSecurity measures.@0000181835 0aComputer security.@0000148177 0aInformation technologyxSecurity measures.@0000181836 0aData protection.@00001550281